Levantamento e análise da eficiencia de fatores bióticos de mortalidade natural de Anthonomus grandis boheman, 1843 (<Coleoptera, Curculionidae>), na regiao de campinas, Sp. Brasil (Registro nro. 14261)

Detalles MARC
000 -CABECERA
Campo de control 005340000a22001210004500
090 ## - CLASIFICACIÓN LOCAL
Colección AS
Consecutivo Seriadas
041 0# - IDIOMA
Código de idioma para texto/pista de sonido o título separado
100 1# - ASIENTO PRINCIPAL--NOMBRE PERSONAL
Nombre personal Pierozzi, Ivo
245 10 - MENCION DE TITULO
Título Levantamento e análise da eficiencia de fatores bióticos de mortalidade natural de Anthonomus grandis boheman, 1843 (<Coleoptera, Curculionidae>), na regiao de campinas, Sp. Brasil
700 1# - ASIENTO SECUNDARIO - NOMBRE PERSONAL
Nombre personal Habib, Mohamed E. M.
773 1# - Item fuente:
Título Revista de la Academia Colombiana de Ciencias Exactas, Fisicas y Naturales
Especificación de materiales 32
Descripción física 70
Paginas del Articulo 423-431
Lugar, editorial y fecha de publicación 1992
Información sobre la relación 18
942 ## - ELEMENTOS ADICIONALES (KOHA)
Tipo de ítem Artículo

No hay ítems disponibles.